zpět

Detail výsledku týmu

U Lucerny ST, Brno

Datum a čas kvízu

27.5 Celkem bodů Celkový počet nahraných bodů na tomto kvízu bez doplňovacích otázek.
11. Pořadí na kvízu Konečné umístění týmu na tomto kvízu.

Zaznamenané odpovědi

# Otázka Odpověď Body Výsledky
1. Kandidátka SPOLU do červnových... Hayato Okamura 1
2. Nepříjemný závěr své cesty zaž... olympijské hry v Paříži 1
3. Jak se jmenuje 88letý zahranič... Alain Delon 1
4. Ředitelka české pobočky jedné... Google 0
5. LeBron James pokořil ve své 21... 40 000 bodů 0
6. Napište, kterým slovem se ozna... okostice (periost) 1
7. Ve kterém kraji České republik... v Královéhradeckém 0
8. Antropoložce Brennanové, hlavn... Temperance 1
9. Kterému zvířeti patří tato kos... ptakopyskovi 0
10. V září roku 2012 byla pod park... Richard III. 0